Generation of Sol-Gel derived in situ silica into rubber (Record no. 59769)

MARC details
000 -LEADER
fixed length control field 01032nam a2200181Ia 4500
100 ## - MAIN ENTRY--AUTHOR NAME
Personal name Das Chayan
245 #0 - TITLE STATEMENT
Title Generation of Sol-Gel derived in situ silica into rubber
260 ## - PUBLICATION, DISTRIBUTION, ETC. (IMPRINT)
Name of publisher Rubber India
Year of publication 2013
300 ## - PHYSICAL DESCRIPTION
Number of Pages 54-60
520 ## - SUMMARY, ETC.
Summary, etc Nitrile rubber-silica composites are prepared with sol-gel derived in situ silica and externally added precipitatedsilica at same filler loading. In both the cases silane coupling agent is used as surface modifier. A comparative study of the filled composites is done along with unfilled rubber composites in terms of morphology, curing characteristics and mechanical properties. In situ silica filled rubber composite shows more uniform dispersion of filler into rubbermatrix and better rubber-filler interaction in comparison to externally filled silica composite.
650 ## - SUBJECT ADDED ENTRY--TOPICAL TERM
Topical Term in situ silica
650 ## - SUBJECT ADDED ENTRY--TOPICAL TERM
Topical Term rubber-filler interaction
650 ## - SUBJECT ADDED ENTRY--TOPICAL TERM
Topical Term silanization
650 ## - SUBJECT ADDED ENTRY--TOPICAL TERM
Topical Term sol-gel method
700 ## - ADDED ENTRY--PERSONAL NAME
Personal name Kapgate Bharat
942 ## - ADDED ENTRY ELEMENTS (KOHA)
Koha item type Journals
Holdings
Withdrawn status Lost status Damaged status Not for loan Home library Current library Date acquired Serial Enumeration / chronology Koha item type
      Journals RRII Library RRII Library 20/03/2014 Volume LXV, Issue 12 Journals